Rachel Spinelli punched me in the face /

When fourteen-year-old Zachary and his father move to Falls, Connecticut, he spends a summer falling in love, coming to terms with his mother's absence and forming eclectic friendships.

Bibliographic Details
Main Author: Acampora, Paul
Format: Book
Language:English
Published: New York : Roaring Brook Press, [2011]
Edition:1st ed.
Subjects:

MARC

Tag First Indicator Second Indicator Subfields
LEADER 00000cam a2200000 a 4500
001 in00002735921
005 20151202143950.0
008 100721s2011 nyu d 000 1 eng
010 |a  2010027436 
020 |a 9781596435483 (hbk.) 
020 |a 1596435488 (hbk.) 
035 |a (OCoLC)ocn656213121 
040 |a DLC  |c DLC  |d UtOrBLW 
043 |a n-us-ct 
049 |a TXAM 
050 0 0 |a PZ7.A17298  |b Rac 2011 
082 0 0 |a [Fic]  |2 22 
100 1 |a Acampora, Paul. 
245 1 0 |a Rachel Spinelli punched me in the face /  |c by Paul Acampora. 
250 |a 1st ed. 
264 1 |a New York :  |b Roaring Brook Press,  |c [2011] 
264 4 |c ©2011 
300 |a 168 pages ;  |c 20 cm. 
336 |a text  |b txt  |2 rdacontent 
337 |a unmediated  |b n  |2 rdamedia 
338 |a volume  |b nc  |2 rdacarrier 
520 |a When fourteen-year-old Zachary and his father move to Falls, Connecticut, he spends a summer falling in love, coming to terms with his mother's absence and forming eclectic friendships. 
650 0 |a Friendship  |v Juvenile fiction. 
650 0 |a Moving, Household  |v Juvenile fiction. 
650 0 |a Single-parent families  |v Juvenile fiction. 
650 0 |a Trumpet  |v Juvenile fiction. 
650 0 |a Musicians  |v Juvenile fiction. 
650 0 |a Families  |z Connecticut  |v Juvenile fiction. 
651 0 |a Connecticut  |v Juvenile fiction. 
650 1 |a Friendship  |v Fiction. 
650 1 |a Moving, Household  |v Fiction. 
650 1 |a Single-parent families  |v Fiction. 
650 1 |a Trumpet  |v Fiction. 
650 1 |a Musicians  |v Fiction. 
650 1 |a Family life  |z Connecticut  |v Fiction. 
651 1 |a Connecticut  |v Fiction. 
655 0 |a Realistic fiction. 
945 |a PromptCat  |b 635963 
946 |a curr 
947 |a A14840521899 
948 |a cataloged  |b h  |c 2011/11/11  |d c  |e dmitchel  |f 11:20:10 am 
994 |a 92  |b TXA 
999 |a MARS 
999 f f |s 9a4e4736-dc9c-3de7-85b1-bceb1e9eb27f  |i 493f83c5-4afe-3771-b221-26321d4366ed  |t 0 
952 f f |p ric  |a Texas A&M University  |b Rellis Campus  |c Joint Library Facility  |d Remote Storage  |t 0  |e PZ7.A17298 Rac 2011  |h Library of Congress classification  |i unmediated -- volume  |m A14840521899 
998 f f |a PZ7.A17298 Rac 2011  |t 0  |l Remote Storage